Effect of water quantity and farmyard manure on garlic under sandy soil conditions (Record no. 53036)
[ view plain ]
| 000 -LEADER | |
|---|---|
| fixed length control field | 02642cab a2200349Ia 45 0 |
| 001 - CONTROL NUMBER | |
| control field | u200564 |
| 003 - CONTROL NUMBER IDENTIFIER | |
| control field | SIRSI |
| 008 - FIXED-LENGTH DATA ELEMENTS--GENERAL INFORMATION | |
| fixed length control field | 120604s2004 ua ss b eng d |
| 040 ## - CATALOGING SOURCE | |
| Original cataloging agency | EAL |
| 041 ## - LANGUAGE CODE | |
| Language code of text/sound track or separate title | eng |
| Language code of summary or abstract | ara |
| 090 ## - LOCALLY ASSIGNED LC-TYPE CALL NUMBER (OCLC); LOCAL CALL NUMBER (RLIN) | |
| Classification number (OCLC) (R) ; Classification number, CALL (RLIN) (NR) | ART ZJAR V31 No4A 8 |
| 100 1# - MAIN ENTRY--PERSONAL NAME | |
| Personal name | El-Mansi, A. A. |
| 240 10 - UNIFORM TITLE | |
| Uniform title | Zagazig journal of agricultural research, 2004 v. 31 (4A) |
| Medium | [electronic resource]. |
| 245 10 - TITLE STATEMENT | |
| Title | Effect of water quantity and farmyard manure on garlic under sandy soil conditions |
| Medium | [electronic resource]: |
| Remainder of title | 3.storability. |
| 246 15 - VARYING FORM OF TITLE | |
| Title proper/short title | تأثير كمية مياه الرى والسماد البلدى على الثوم تحت ظروف الأرض الرملية: |
| Remainder of title | 3- القدرة التخزينية. |
| 300 ## - PHYSICAL DESCRIPTION | |
| Extent | P. 1361-1383. |
| 504 ## - BIBLIOGRAPHY, ETC. NOTE | |
| Bibliography, etc. note | Includes references. |
| 520 ## - SUMMARY, ETC. | |
| Summary, etc. | This experiment was carried out during two winter seasons of 2000-2001 and 2001-2002 at EL-Khattara Experimental Farm, Fac. Agric., Zagazig Univ., to study the effect of water quantity, farmyard manure (FYM) and their interactions on storability of garlic bulbs during storage period. Water quantity at 2600 m3/fed, followed by 2100 m3/fed recorded maximum values of the emaciation and sprouting percentage in bulbs during storage period, while application of 600 m /fed followed by 1100 m /fed recorded minimum values of the emaciation and sprouting percentage. Weight loss (%) of garlic bulbs increased with increasing water quantity up to 2600 m3/fed and decreased with decreasing water quantity up to 600 m3/feddan. FYM at 30 m3/fed recorded maximum values of the emaciation and sprouting percentage in bulbs during storage period. Weight loss (%) of garlic bulbs increased with increasing FYM up to 45 m3/fed and decreased with decreasing FYM up to 15 m3/fed or without FYM. The interaction between 2600 m3 water/fed and 30 or 45 m3 FYM/fed gave the highest values of weight loss (%), while 600 m3 water and 15 m3 FYM /fed or without FYM gave the lowest values of weight loss (%) in bulbs during storage period. The interaction between water quantity and FYM had no significant effect on emaciation and sprouting percentages in bulbs during storage. |
| 546 ## - LANGUAGE NOTE | |
| Language note | Summary in Arabic. |
| 596 ## - | |
| -- | 1 |
| 650 #0 - SUBJECT ADDED ENTRY--TOPICAL TERM | |
| Topical term or geographic name entry element | Sandy soils. |
| 650 #0 - SUBJECT ADDED ENTRY--TOPICAL TERM | |
| Topical term or geographic name entry element | Garlic |
| General subdivision | Storage. |
| 650 #0 - SUBJECT ADDED ENTRY--TOPICAL TERM | |
| Topical term or geographic name entry element | Garlic |
| General subdivision | Quality. |
| 650 #0 - SUBJECT ADDED ENTRY--TOPICAL TERM | |
| Topical term or geographic name entry element | Garlic |
| General subdivision | Irrigation. |
| 650 #0 - SUBJECT ADDED ENTRY--TOPICAL TERM | |
| Topical term or geographic name entry element | Farm manure. |
| 650 #0 - SUBJECT ADDED ENTRY--TOPICAL TERM | |
| Topical term or geographic name entry element | Garlic |
| General subdivision | Yields. |
| 700 1# - ADDED ENTRY--PERSONAL NAME | |
| Personal name | Bardisi, A. |
| 700 1# - ADDED ENTRY--PERSONAL NAME | |
| Personal name | Fayed, A. N. |
| 700 1# - ADDED ENTRY--PERSONAL NAME | |
| Personal name | Abou El-Khair, E. E. |
| 773 0# - HOST ITEM ENTRY | |
| Title | Zagazig Journal of Agricultural Research. |
| Related parts | 2004.v.31(4A) |
| International Standard Serial Number | 1110-0338 |
| Control subfield | nnas |
| Record control number | u158356 |
| 856 40 - ELECTRONIC LOCATION AND ACCESS | |
| Uniform Resource Identifier | <a href="http://nile.enal.sci.eg/EALE/2004/ZJAR/3104/4A/1361.pdf">http://nile.enal.sci.eg/EALE/2004/ZJAR/3104/4A/1361.pdf</a> |
| Public note | Full Text Article. |
| 942 ## - ADDED ENTRY ELEMENTS (KOHA) | |
| Koha item type | Articles |
| Source of classification or shelving scheme | Library of Congress Classification |
No items available.